Beginning Web development with Visual InterDev 6 (Record no. 33262)

MARC details
000 -LEADER
fixed length control field 00437nam a22001697a 4500
005 - DATE AND TIME OF LATEST TRANSACTION
control field 20230817152034.0
008 - FIXED-LENGTH DATA ELEMENTS--GENERAL INFORMATION
fixed length control field 230817b |||||||| |||| 00| 0 eng d
020 ## - INTERNATIONAL STANDARD BOOK NUMBER
ISBN 1861002947
082 ## - DEWEY DECIMAL CLASSIFICATION NUMBER
Classification number 005.276
Item number MUM-B
100 ## - MAIN ENTRY--AUTHOR
Author Name Mumford, Andrew
245 ## - TITLE STATEMENT
Title Beginning Web development with Visual InterDev 6
260 ## - PUBLICATION, DISTRIBUTION, ETC.
Place of Publication Canada
Name of publisher, distributor, etc. Wrox
Date of publication, distribution, etc. 1999
300 ## - PHYSICAL DESCRIPTION
Pages 617 pages
500 ## - GENERAL NOTE
General note Include Index.
650 ## - SUBJECT ADDED ENTRY--TOPICAL TERM
Subject / Department Web Programming
952 ## - LOCATION AND ITEM INFORMATION (KOHA)
-- 0
-- 0
Holdings
Lost status Damaged status Permanent Location Current Location Shelving Location Date acquired Full Call Number Accession No./Barcode Date last seen item type
    Superior Information Resource Center (SIRC) Superior University- Gold Campus Superior Information Resource Center (SIRC) Superior University- Gold Campus Web Programming 08/17/2023 005.276 MUM-B 1999 19644 08/17/2023 BOOK

Powered by Koha